Statistics for Current NFL Stadiums

Click here to take the quiz!

General Stats

  • This quiz has been taken 163 times
  • The average score is 25 of 32

Answer Stats

Hint Answer % Correct
Lambeau FieldPackers
98%
MetLife StadiumGiants
95%
Gillette StadiumPatriots
94%
Arrowhead StadiumChiefs
94%
MetLife StadiumJets
94%
University of Phoenix StadiumCardinals
93%
Georgia DomeFalcons
89%
Soldier FieldBears
88%
Lucas Oil StadiumColts
88%
Heinz FieldSteelers
88%
Sports Authority Field at Mile HighBroncos
87%
Mercedes-Benz SuperdomeSaints
87%
Levi's Stadium49ers
86%
Ford FieldLions
84%
AT&T StadiumCowboys
82%
CenturyLink FieldSeahawks
80%
FedEx FieldRedskins
76%
O.co ColiseumRaiders
73%
Paul Brown StadiumBengals
71%
Lincoln Financial FieldEagles
71%
Bank of America StadiumPanthers
70%
M&T Bank StadiumRavens
69%
Mall of America FieldVikings
69%
Sun Life StadiumDolphins
68%
Raymond James StadiumBuccaneers
64%
Ralph Wilson StadiumBills
63%
Edward Jones DomeRams
63%
Qualcomm StadiumChargers
60%
Reliant StadiumTexans
57%
FirstEnergy StadiumBrowns
57%
EverBank FieldJaguars
55%
LP FieldTitans
47%

Score Distribution

Percentile by Number Answered

Percent of People with Each Score

Your Score History

You have not taken this quiz